00647nam a2200229Ia 4500001001000000003000500010008004100015010001100056040000900067082001900076100002100095245009100116260002700207300001000234503001500244650002900259650002300288650002600311650001700337700002000354710004300374Para_8769CHAP220125s2002 xx 000 0 und d a206654 cCHAP aPA 634.119 J6y aJones, A.L., ed. aPlagas y enfermedades del manzano y del peral /c ed. por A.L. Jones y H. S. Aldwincke aMadrid :b McGraw Hill a99 p. aC/e (ej.1) aManzana x enfermedades  aManzana x plagas  aPera x enfermedades  aPeraxPlagas aAldwincke, H.S. aThe American Phytopathological Society